Papá! / (Registro nro. 2509)

Detalles MARC
000 -CABECERA
Longitud fija campo de control 00848nam a2200265 a 4500
003 - • IDENTIFICADOR DELl NÚMERO DE CONTROL
Identificador del número de control CO-ViMGA
008 - • CÓDIGOS DE INFORMACIÓN DE LONGITUD FIJA
Códigos de información de longitud fija 141112s2004 ck r 000 u spa d
020 ## - • NÚMERO INTERNACIONAL NORMALIZADO PARA LIBROS
Número Internacional Normalizado para Libros (ISBN) 9789588787053
040 ## - FUENTE DE LA CATALOGACIÓN
Centro catalogador de origen CO-ViMGA
Lengua de catalogación spa
Centro transcriptor CO-ViMGA
041 ## - • CÓDIGO DE LENGUA
Código de lengua del texto/banda sonora o título independiente SPA
100 1# - • PUNTO DE ACCESO PRINCIPAL-NOMBRE DE PERSONA
Nombre de persona Corentin, Philippe, 1936 -
245 10 - • TITULO PROPIAMENTE DICHO
Título Papá! /
Mención de responsabilidad, etc. Philippe Corentin ; traducción al español : Anna Coll - Vinent
250 ## - • MENCIÓN DE EDICIÓN
Mención de edición 1a ed.
300 ## - • DESCRIPCIÓN FÍSICA
Extensión 28 p. : il. col. : il.
650 14 - • PUNTO DE ACCESO ADICIONAL DE MATERIA - TÉRMINO DE MATERIA
Término de materia o nombre geográfico como elemento inicial DESDE LOS 3 AÑOS
650 14 - • PUNTO DE ACCESO ADICIONAL DE MATERIA - TÉRMINO DE MATERIA
Término de materia o nombre geográfico como elemento inicial HORA DE DORMIR - LIBROS DE IMAGENES
650 14 - • PUNTO DE ACCESO ADICIONAL DE MATERIA - TÉRMINO DE MATERIA
Término de materia o nombre geográfico como elemento inicial LIBROS DE IMAGENES
650 14 - • PUNTO DE ACCESO ADICIONAL DE MATERIA - TÉRMINO DE MATERIA
Término de materia o nombre geográfico como elemento inicial MIEDOS INFANTILES - LIBROS DE IMAGENES
650 14 - • PUNTO DE ACCESO ADICIONAL DE MATERIA - TÉRMINO DE MATERIA
Término de materia o nombre geográfico como elemento inicial MONSTRUOS - LIBROS DE IMAGENES
700 1# - • PUNTO DE ACCESO ADICIONAL - NOMBRE DE PERSONA
Nombre de persona Coll - Vinent, Anna
942 ## - ENTRADA DE ELEMENTOS AGREGADOS (KOHA)
Fuente de clasificaión o esquema Dewey Decimal Classification
Koha [por defecto] tipo de item LIbro
Existencias
Perdido Fuente de clasificación o esquema Estado Físico No para préstamo Localización permanente Localización actual Fecha adquisición Préstamos totales Signatura completa Código de barras Fecha última consulta Número de copia Fecha del precio de reemplazo Tipo de item de Koha Forma de adquisición Localización en estanterías Serie de enumeración / cronolog&íacute;a Renovaciones totales Fecha último préstamo Fuente de adquisición Calificador de ubicación codificada
  Dewey Decimal Classification     Biblioteca Pública Cubarral Biblioteca Pública Cubarral 07/21/2023   A COR4 CUB00572 07/21/2023 Ej.1 07/21/2023 Libro Infantil Infantil Sala Infantil          
  Dewey Decimal Classification     Biblioteca Pública José Eustasio Rivera - San Martin Biblioteca Pública José Eustasio Rivera - San Martin 03/25/2023   A COR4 SM00508 03/25/2023 Ej.1 03/25/2023 Libro Infantil Infantil Sala Infantil          
  Dewey Decimal Classification     Biblioteca Pública El Castillo - Alfonso Meneses Biblioteca Pública El Castillo - Alfonso Meneses 09/25/2023   A COR4 EC01623 09/25/2023 Ej.1 09/25/2023 LIbro Infantil Sala Infantil          
  Dewey Decimal Classification     Biblioteca Pública Germán Arciniegas - Villavicencio Biblioteca Pública Germán Arciniegas - Villavicencio 12/04/2015 1 A COR4 25906 09/27/2018 Ej. 1 12/04/2015 LIbro Sala Infantil Segundo Piso   16/abr/2013 2 09/07/2018    
  Dewey Decimal Classification     Biblioteca Pública Guamal Biblioteca Pública Guamal 02/13/2023   A COR4 GUA001122 02/13/2023 Ej.1 02/13/2023 Libro Infantil Infantil Sala Infantil          
  Dewey Decimal Classification     Biblioteca Pública La Macarena Biblioteca Pública La Macarena 05/15/2024   A COR4 LM001352 05/15/2024 Ej.1 05/15/2024 Libro Infantil Infantil Sala Infantil          
  Dewey Decimal Classification     Biblioteca Pública Mapiripan Biblioteca Pública Mapiripan 01/25/2024   A COR4 MAP00003722 01/25/2024 Ej.1 01/25/2024 LIbro Infantil Sala Infantil          
  Dewey Decimal Classification     Biblioteca Pública Puerto Rico Biblioteca Pública Puerto Rico 12/05/2022   PR00000036 ACOR12414 12/05/2022 Ej.1 12/05/2022 Libro Infantil              
  Dewey Decimal Classification     Biblioteca Pública Puerto Rico Biblioteca Pública Puerto Rico 06/13/2023   A COR1 2414 PR0000012198 06/13/2023 Ej.1 06/13/2023 Libro Infantil   Sala Infantil          
  Dewey Decimal Classification     Biblioteca Pública Rural El Yarí- vereda Playa Rica La Macarena Biblioteca Pública Rural El Yarí- vereda Playa Rica La Macarena 11/08/2024     9789588787053 06/06/2025 Ej.1 06/06/2025 LIbro Infantil Sala Infantil       ministerio de cultura 9789588787053
  Dewey Decimal Classification     Biblioteca Pública San Juanito - Ernesto Maria Peña Romero Biblioteca Pública San Juanito - Ernesto Maria Peña Romero 01/18/2024   A COR4 SJU00171 01/18/2024 Ej.1 01/18/2024 LIbro Infantil Sala Infantil          









Instituto Departamental de Cultura del Meta - Red Departamental de Bibliotecas Públicas del Meta.